000 00259nam a22001217a 4500
020 _a0-88022-268-9
082 _a005.13 FEN
100 _aFENN DARIEN
_979612
245 _a1-2-3 COMMAND LANGUAGE
260 _aPDF
_bPDF
_c1987
300 _a527P
942 _cBK
999 _c584638
_d584638